Lyrics to 'Antes De Los Veinte' by Morat - Statistics

General Stats
  • This quiz has been taken 43 times
  • The average score is 292 of 322
Answer Stats
Answer % Correct
20
100%
a
100%
al
100%
alguien
100%
Antes
100%
ay
100%
con
100%
corazones
100%
cuenta
100%
cuente
100%
de
100%
del
100%
delirios
100%
Dicen
100%
el
100%
historia
100%
la
100%
lo
100%
los
100%
mal
100%
más
100%
me
100%
mi
100%
no
100%
pero
100%
por
100%
Porque
100%
que
100%
Que
100%
qué
100%
Robar
100%
se
100%
100%
100%
si
100%
Si
100%
siente
100%
también
100%
tener
100%
todo
100%
un
100%
una
100%
vale
100%
ver
100%
Y
100%
Yo
100%
yo
100%
acierto
80%
arrepienta
80%
ataquen
80%
atreverse
80%
bien
80%
borrar
80%
cada
80%
canción
80%
cierto
80%
cuando
80%
cuento
80%
delincuente
80%
detrás
80%
distinguir
80%
ella
80%
enamorarme
80%
encuentra
80%
errores
80%
es
80%
fin
80%
final
80%
fuerte
80%
gloria
80%
gritarlo
80%
Habrá
80%
habrá
80%
hacerlo
80%
importa
80%
intenten
80%
mañana
80%
manera
80%
media
80%
mil
80%
naranja
80%
ni
80%
nunca
80%
Para
80%
pasa
80%
pase
80%
perder
80%
poco
80%
Poder
80%
Quiero
80%
recordarán
80%
recuerdos
80%
siempre
80%
Sin
80%
sin
80%
soy
80%
tiempo
80%
trama
80%
veces
80%
vez
80%
vieja
80%
vivir
80%
vivo
80%
voy
80%
vuela
80%
desplomo
60%
escribir
60%
frente
60%
miedo
60%
miro
60%
mostrarles
60%
quiera
60%
No matching quizzes found
Score Distribution
Percent of People with Each Score
Percentile by Number Answered
Your Score History
You have not taken this quiz